Minecraft Items - E (26.1) - Statistics

General Stats
  • This quiz has been taken 15 times
  • The average score is 9 of 36
Answer Stats
Items % Correct
Ender Pearl
64%
Emerald
55%
Enchanting Table
55%
Eye of Ender
55%
Emerald Ore
45%
Enchanted Book
45%
End Crystal
45%
End Stone
45%
Egg
36%
Enchanted Golden Apple
36%
End Stone Bricks
36%
End Stone Brick Slab
36%
End Stone Brick Stairs
36%
End Stone Brick Wall
36%
Elytra
18%
Exposed Copper
18%
Exposed Copper Bars
18%
Exposed Copper Chain
18%
Exposed Copper Chest
18%
Exposed Copper Door
18%
Exposed Copper Golem Statue
18%
Exposed Copper Grate
18%
Exposed Copper Trapdoor
18%
Exposed Cut Copper
18%
Exposed Cut Copper Slab
18%
Exposed Cut Copper Stairs
18%
Eye Armor Trim
18%
Echo Shard
9%
Empty Map
9%
End Rod
9%
Explorer Pottery Sherd
9%
Exposed Chiseled Copper
9%
Exposed Copper Bulb
9%
Exposed Copper Lantern
9%
Ender Chest
0%
Exposed Lightning Rod
0%
No matching quizzes found
Score Distribution
Percent of People with Each Score
Percentile by Number Answered
Your Score History
You have not taken this quiz